قانون العقوبات. (Record no. 23482)
[ view plain ]
| 000 -الفاتح | |
|---|---|
| حقل البيانات ثابتة الطول | 01502nam a22002895a 4500 |
| 003 - محدد رقم الضبط | |
| رقم الضبط | OSt |
| 005 - وقت وتاريخ اخر تعامل مع التسجيلة | |
| رقم الضبط | 20170404121334.0 |
| 008 - عناصر البيانات ثابتة الطول - معلومات عامة | |
| حقل البيانات ثابتة الطول | 161207s2007 ua frb 000 0 ara d |
| 015 ## - | |
| -- | 2006 / 18376 |
| 020 ## - الرقم الدولى المعيارى للكتب | |
| الرقم الدولى المعيارى للكتاب الملغى /الخاطئ | 978978871 (مج. 2) |
| 040 ## - مصدر الفهرسة | |
| وكالة الفهرسة الأصلية | EG-ScBUE |
| لغة الفهرسة | ara |
| وكالة النسخ | EG-ScBUE |
| وكالة التعديل | EG-ScBUE |
| 043 ## - رمز المنطقة الجغرافية | |
| رمز المنطقة الجغرافية | f-ua--- |
| 082 04 - رقم تصنيف ديوى العشرى | |
| رقم التصنيف | 345.62 |
| رقم المادة | إ ب ر |
| رقم الطبعة | 22 |
| 100 1# - المدخل الرئيسى - إسم شخصى | |
| الإسم الشخصى | إبراهيم، مدحت محمد عبد العزيز. |
| 245 10 - بيان العنوان | |
| العنوان | قانون العقوبات. |
| اسم جزء/قسم العمل | القسم العام / |
| بيان المسئوليه,etc | مدحت محمد عبد العزيز إبراهيم. |
| 250 ## - بيان الطبعة | |
| بيان الطبعة | ط. 1. |
| 260 ## - PUBLICATION, DISTRIBUTION, ETC. (IMPRINT) | |
| مكان الناشر او الموزع | القاهرة : |
| اسم الناشر او الموزع | دار النهضة العربية، |
| تاريخ النشر أو التوزيع | 2007. |
| 300 ## - الوصف المادى | |
| التعداد | مج. (2، 3) ؛ |
| أبعاد الوعاء | 24 سم. |
| 504 ## - تبصرة ببليوجرافية | |
| تبصرة ببليوجرافية,الخ | يشتمل على إرجاعات ببليوجرافية. |
| 505 2# - تبصرة محتويات-الفهرس | |
| تبصرة المحتويات المصاغة | مج. 2. النظرية العامة للجريمة والمساهمة الجنائية : تقسيمات الجرائم - الجريمة التامة - الجريمة الناقصة - موانع المسئولية الجنائية - المساهمة الأصلية - المساهمة التبعية -- مج. 3. النظرية العامة للعقوبة والتدابير الاحترازية : دراسة مقارنة. |
| 650 #7 - المدخل الاضافى بالموضوع-مصطلح موضوعى | |
| مصطلح موضوعي أو اسم جغرافي كعنصر مدخل | قانون العقوبات |
| التقسيم الفرعي الجغرافي | مصر. |
| مصدر الرأس أو المصطلح | BUEsh |
| 9 (RLIN) | 41137 |
| 650 #7 - المدخل الاضافى بالموضوع-مصطلح موضوعى | |
| مصطلح موضوعي أو اسم جغرافي كعنصر مدخل | الجريمة والمجرمون |
| التقسيم الفرعي العام | قوانين وتشريعات |
| التقسيم الفرعي الجغرافي | مصر. |
| مصدر الرأس أو المصطلح | BUEsh |
| 650 #7 - المدخل الاضافى بالموضوع-مصطلح موضوعى | |
| مصطلح موضوعي أو اسم جغرافي كعنصر مدخل | المسئولية الجنائية |
| التقسيم الفرعي الجغرافي | مصر. |
| مصدر الرأس أو المصطلح | BUEsh |
| 651 ## - المدخل الاضافى بالموضوع - اسم جغرافى | |
| مصدر الرأس أو المصطلح | BUEsh |
| 653 ## - مصطلح تكشيفى غير مقيد | |
| Resource For college | Law |
| Arrived date list | December2016 |
| -- | April2017 |
| 942 ## - عناصر المدخل الإضافي( كوها) | |
| مصدر التصنيف او مخطط الترفيف | Dewey Decimal Classification |
| حالة التراجع | حالة الفقد | مصدر التصنيف او خطة الترفيف | حالة تلف | ليس للاعارة | مجموعات كوها | المكان الدائم | المكان الحالي | موقع الترفيف | تاريخ الاكتساب | Source of acquisition | سعر الشراء الطبيعي | تعداد مسلسل / التسلسل الزمني | رقم الاستدعاء | الباركود | Date last seen | مُعار | التكلفة | نوع الوعاء | تبصرة عامة |
|---|---|---|---|---|---|---|---|---|---|---|---|---|---|---|---|---|---|---|---|
| Dewey Decimal Classification | دار النهضة العربية | Central Library | Central Library | First floor | 07/12/2016 | Purchase | 45.00 | 2815 | 345.62 إ ب ر | 000040288 | 15/07/2025 | 14/10/2023 | 56.25 | Book - Borrowing | مج. 2 | ||||
| Dewey Decimal Classification | دار النهضة العربية | Central Library | Central Library | First floor | 07/12/2016 | Purchase | 45.00 | 2815 | 345.62 إ ب ر | 000040289 | 15/07/2025 | 21/05/2019 | 56.25 | Book - Borrowing | مج. 2 | ||||
| Dewey Decimal Classification | دار النهضة العربية | Central Library | Central Library | First floor | 04/04/2017 | Purchase | 40.00 | 2815 | 345.62 إ ب ر | 000041550 | 15/07/2025 | 50.00 | Book - Borrowing | مج. 3 | |||||
| Dewey Decimal Classification | دار النهضة العربية | Central Library | Central Library | First floor | 04/04/2017 | Purchase | 40.00 | 2815 | 345.62 إ ب ر | 000041551 | 15/07/2025 | 50.00 | Book - Borrowing | مج. 3 | |||||
| Dewey Decimal Classification | دار النهضة العربية | Central Library | Central Library | First floor | 04/04/2017 | Purchase | 50.00 | 2815 | 345.62 إ ب ر | 000045986 | 15/07/2025 | 21/05/2019 | 62.50 | Book - Borrowing | مج. 3 | ||||
| Dewey Decimal Classification | دار النهضة العربية | Central Library | Central Library | First floor | 04/04/2017 | Purchase | 50.00 | 2815 | 345.62 إ ب ر | 000045987 | 15/07/2025 | 62.50 | Book - Borrowing | مج. 3 |